| 000 | 01909nam a2200289Ia 4500 | ||
|---|---|---|---|
| 999 |
_c52903 _d52903 |
||
| 001 | 19933 | ||
| 003 | GE_BSU | ||
| 005 | 20200515221620.0 | ||
| 008 | 181216s1975||||ge |||||||||||||| ||geo|| | ||
| 040 | _cGE_BSU | ||
| 041 | _ageo | ||
| 080 | _a81'34 ჯ-26 | ||
| 100 |
_aჯაფარიძე, ზურაბ. _98059 |
||
| 245 |
_aპერცეფციული ფონეტიკის ძირითადი საკითხები = Основные вопросы перцептивной фонетики : _bმონოგრაფია / _cზურაბ ჯაფარიძე ; რედაქტორი თ. უთურგაიძე. |
||
| 264 |
_aთბილისი : _bმეცნიერება, _c1975. |
||
| 300 |
_a263 გვ. ; _c22 სმ. |
||
| 500 | _aმონოგრაფიაში განხილულია ფონეტიკის ახალი დარგის - პერცეფციული ფონეტიკის - უმთავრესი საკითხები, სპეციალურად შეისწავლება, თუ როგორ არის გაშუალებული გამონათქვამის აღქმა (გაგონება) ენის ბგერითი წყობით, მისი პერცეფციული ბაზისით | ||
| 501 | _a საძიებელი : გვ. 258-260 | ||
| 504 | _aლიტერატურის სია : გვ. 251-257 | ||
| 541 | _h3ლ.30თ. | ||
| 653 | _aგრამატიკა | ||
| 653 | _aმონოგრაფია | ||
| 653 | _aფონეტიკა | ||
| 700 |
_aუთურგაიძე, თ. _eრედაქტორი _97216 |
||
| 710 |
_aენათმეცნიერების ინსტიტუტი _98060 |
||
| 942 |
_cBK _2udc |
||